00279nam a2200121Ia 45000030006000000080041000060400015000471000021000622450019000832600026001025460012001280050017001400STCL150530s9999 xx 000 0 und d aSTCLcSTCL aGeoffrey Cranall aRobert Southey bBritish Councilc1971 aEnglish20220125170837.0